000 01266nam a2200241Ia 4500
003 Ost
005 20260507075247.0
008 260507s9999||||xx |||||||||||||| ||und||
020 _a1457199579
040 _cfsecg
041 _aara
082 _a330
100 _aالنجار، يحي غني
_eمؤلف
245 0 _aتقييم المشروعات :
_bتحليل معايير و مؤشرات دراسات الجدوى و تقييم كفاءة الاداء /
_c يحي غني النجار
260 _aعمان:
_bدار دجلة,
_c2010
300 _a824 صفحة؛
_bإيضاحات ؛
_c24 سم
504 _aمراجع ص.791 ؛ ملاحق ص.559 ؛ جداول ص.818 ؛ اشكال ص.819
520 _aتحليل معايير و مؤشرات دراسة الجدوى ، أساليب تقييم اقتراحات الانفاق الرأسمالي و ترتيبها ، معيار الربحية التجارية ، معيار الربحية الاقتصادية الوطنية ، تحليل معايير و مؤشرات دراسة تقويم كفاءة الاداء و معايير قياس كفاءة الاداء .
653 _aالديون الخارجية
653 _aالمشاريع
653 _aتقييم المشاريع
942 _cكتاب
999 _c43663
_d43663